<?xml version="1.0" encoding="UTF-8"?>
<record
    xmlns:xsi="http://www.w3.org/2001/XMLSchema-instance"
    xsi:schemaLocation="http://www.loc.gov/MARC21/slim http://www.loc.gov/standards/marcxml/schema/MARC21slim.xsd"
    xmlns="http://www.loc.gov/MARC21/slim">

  <leader>01479    a2200229   4500</leader>
  <controlfield tag="001">23651</controlfield>
  <controlfield tag="005">20260407155522.0</controlfield>
  <controlfield tag="008">260407a1988    arg                 spa d</controlfield>
  <controlfield tag="003">AR-UNSa-BCEJYS</controlfield>
  <datafield tag="040" ind1=" " ind2=" ">
    <subfield code="a">AR-UNSa-BCEJYS</subfield>
    <subfield code="b">spa</subfield>
    <subfield code="c">AR-UNSa-BCEJYS</subfield>
  </datafield>
  <datafield tag="080" ind1=" " ind2=" ">
    <subfield code="a">658.3</subfield>
    <subfield code="x">Personal. Relaciones humanas en la empresa (Recursos Humanos)</subfield>
  </datafield>
  <datafield tag="245" ind1="1" ind2="0">
    <subfield code="a">Administraci&#xF3;n de recursos humanos</subfield>
  </datafield>
  <datafield tag="020" ind1=" " ind2=" ">
    <subfield code="a">968-24-3061-5</subfield>
  </datafield>
  <datafield tag="250" ind1=" " ind2=" ">
    <subfield code="a">3a. ed</subfield>
  </datafield>
  <datafield tag="264" ind1=" " ind2="1">
    <subfield code="a">M&#xE9;xico :</subfield>
    <subfield code="b">Trillas</subfield>
    <subfield code="c">1988</subfield>
  </datafield>
  <datafield tag="300" ind1=" " ind2=" ">
    <subfield code="a">533 p.</subfield>
    <subfield code="c">22 cm.</subfield>
  </datafield>
  <datafield tag="505" ind1=" " ind2=" ">
    <subfield code="a">1. Teor&#xED;a de los sistemas &#x2013; 2. Administraci&#xF3;n de recursos humanos &#x2013; 3. El comportamiento humano &#x2013; 4. Las teor&#xED;as gerenciales &#x2013; 5. El supervisor &#x2013; 6. La funci&#xF3;n de administraci&#xF3;n de recursos humanos &#x2013; 7. An&#xE1;lisis de puestos &#x2013; 8. Los salarios &#x2013; 9. Reclutamiento y selecci&#xF3;n de personal &#x2013; 10. Inducci&#xF3;n &#x2013; 11. Relaciones entre trabajadores y direcci&#xF3;n &#x2013; 12. Educaci&#xF3;n y entrenamiento &#x2013; 13. Medici&#xF3;n del desempe&#xF1;o &#x2013; 14. Higiene y seguridad industrial &#x2013; 15. Servicios y prestaciones &#x2013; 16. Comunicaci&#xF3;n &#x2013; 17. Proceso de desarrollo organizacional &#x2013; 18. Terminaci&#xF3;n de las relaciones de trabajo &#x2013; 19. Auditor&#xED;as e investigaci&#xF3;n relativas a los recursos.</subfield>
  </datafield>
  <datafield tag="942" ind1=" " ind2=" ">
    <subfield code="c">BK</subfield>
  </datafield>
  <datafield tag="590" ind1=" " ind2=" ">
    <subfield code="a">niveau_biblio:m niveau_hierar:0</subfield>
  </datafield>
  <datafield tag="100" ind1="1" ind2=" ">
    <subfield code="a">Arias Galicia, Fernando</subfield>
  </datafield>
  <datafield tag="856" ind1="4" ind2="1">
    <subfield code="u">https://biblioeco.unsa.edu.ar/pmb/images/libros/Administraci?n de recursos humanos  Arias Galicia Fernando (1976).jpg</subfield>
    <subfield code="y">Imagen de portada</subfield>
    <subfield code="q">image/jpeg</subfield>
  </datafield>
  <datafield tag="999" ind1=" " ind2=" ">
    <subfield code="c">1112</subfield>
    <subfield code="d">1112</subfield>
  </datafield>
  <datafield tag="952" ind1=" " ind2=" ">
    <subfield code="0">0</subfield>
    <subfield code="1">0</subfield>
    <subfield code="4">0</subfield>
    <subfield code="7">0</subfield>
    <subfield code="a">BCEJYS</subfield>
    <subfield code="b">BCEJYS</subfield>
    <subfield code="c">16</subfield>
    <subfield code="d">2026-04-07</subfield>
    <subfield code="l">0</subfield>
    <subfield code="o">658.3 A696 3ed.</subfield>
    <subfield code="p">L53627</subfield>
    <subfield code="r">2026-04-07 15:55:22</subfield>
    <subfield code="w">2026-04-07</subfield>
    <subfield code="y">L</subfield>
  </datafield>
</record>
